| 000 | 00668 a2200229 4500 | ||
|---|---|---|---|
| 001 | sjds | ||
| 003 | sjds | ||
| 005 | 20240604165536.0 | ||
| 008 | 240604b |||||||| |||| 00| 0 spa d | ||
| 020 | _a9780395630693 | ||
| 020 | _a039563069X | ||
| 040 | _csjds | ||
| 041 | _aspa | ||
| 100 | _aPellicer Lopez, Carlos | ||
| 245 |
_aJulieta y su caja de colores : _bun cuento / _cCarlos Pellicer Lopez |
||
| 260 |
_aBoston : _bHoughton Mifflin, _c1993, c1984 |
||
| 300 |
_a31 pages : _bcolor illustrations ; _c28 cm |
||
| 440 | _a Celebremos la literatura | ||
| 500 | _aCover title | ||
| 500 | _aReprint. Originally published: Mexico : Patria, 1984 | ||
| 942 | _cBK | ||
| 999 |
_c29711 _d29709 |
||